| 000 | 00453nam a2200157Ia 4500 | ||
|---|---|---|---|
| 008 | 231217s9999 xx 000 0 und d | ||
| 041 | _aEnglish | ||
| 082 | _a621.381952 MAL;15 | ||
| 100 | _aMalvino, Albert Paul. | ||
| 245 | 0 | _aDigital computer electronics: an introduction to microcomputers | |
| 250 | _a2nd ed. | ||
| 260 |
_c1983 _bTMH, _aNew Delhi |
||
| 300 | _aix, 337 | ||
| 650 | _aDigital,computer,electronics:,microcomputers | ||
| 942 | _cAA | ||
| 999 |
_c197139 _d197139 |
||